000 00385nam a2200121Ia 4500
008 220615s9999||||xx |||||||||||||| ||und||
100 _aMiroslav Blumenberg
245 0 _aMelanin
546 _aEnglish[eng]
650 _aLife Sciences||Microbiology||Genetics and Molecular Biology||Applied Microbiology||Biochemistry
856 _uhttps://www.intechopen.com/books/melanin
942 _cEB
999 _c18977
_d18977